000
00271nam a22001217a 4500
041
_a
ENG
100
_a
Pavirakar .N.R
245
_a
Pratical Mamual For Thermodynamics
260
_a
Akopla
_b
College Of Agri
_c
1998
300
_a
55
650
_a
FMP
856
_u
FMP (23 )
999
_c
1368
_d
1368